000 00815nam a2200265Ia 4500
005 20220316235638.0
008 121119s1984 sp a gr 000 j spa
020 _a8434812622
041 0 _aspa
100 1 _aPosadas, Carmen
245 1 0 _aKiwi
_cCarmen de Posadas ; ilustraciones de Antonio Tello
250 _aPrimera edición
300 _a64 páginas
_bilustraciones
_c19 cm
490 0 _aEl barco de vapor : blanca
650 1 4 _aCuentos uruguayos
_2LEMB
650 1 4 _aLiteratura uruguaya
_2LEMB
700 1 _aTello, Antonio
_eilustrador
_939865
942 _2loc
_cBKLIT
264 _aMadrid
_bEdiciones S.M.
_c[1984?]
336 _atexto
_btxt
_2rdacontent
337 _asin mediación
_bn
_2rdamedia
338 _avolumen
_bnc
_2rdacarrier
040 _aCO-BoRNBP
_bspa
_erda
_cCO-BoRNBP
084 _aC POS1
999 _c1669
_d1669